000 00434cam a22001337a 4500
008 180718b1944 xxu||||| |||| 00| 0 eng d
082 _aT16x5442 N131
100 _aNagarasheth, M.P
245 _aCooperative distribution in Bombay
_cby M.P Nagarsheth
260 _aBombay
_bBombay Provincial Co-operative Institute
_c1944
300 _a82p.
650 _acooperative Maketing - India (Bombay)
650 _aCo-operation - India (Bombay)
999 _c374943
_d374943